Vily nad hradom : Sprievodca po vilách a uliciach nad Bratislavským hradom /

Uložené v:
Podrobná bibliografia
Hlavní autori: Berka, Tomáš (Autor), Bahna, Ján M. (Autor)
Médium: Kniha
Jazyk:Slovak
Vydavateľské údaje: Bratislava : Marenčin PT, 2016
Predmet:
Tagy: Pridať tag
Žiadne tagy, Buďte prvý, kto otaguje tento záznam!

MARC

LEADER 00000nam a22000003a 4500
001 0028083
003 SK-STU
005 20190325131128.3
007 ta
008 171122s ----xo-----e------000-0-----d
020 |a 978-80-8114-391-5 
040 |a STU  |b slo 
041 0 |a slo 
044 |a xo 
100 1 |a Berka, Tomáš  |4 aut 
245 1 0 |a Vily nad hradom :  |b Sprievodca po vilách a uliciach nad Bratislavským hradom /  |c aut. Tomáš Berka, Ján M Bahna 
260 |a Bratislava :  |b Marenčin PT,  |c 2016 
300 |a 304 s. 
650 0 7 |a Bratislava 
650 0 7 |a vila 
700 1 |a Bahna, Ján M.  |4 aut 
996 |b 284AU07112  |c A* 10342/U  |l AA5150  |s P  |a 0  |w 0028083_0001